[Event "BCF-chT3 1415 (4NCL)"]
[Site "England"]
[Date "2015.05.02"]
[Round "10.99"]
[White "Clissold, Julian C"]
[Black "Graham, Neil"]
[Result "0-1"]
[WhiteElo "1892"]
[BlackElo "1856"]
[PlyCount "66"]
[EventDate "2015.03.21"]
[EventType "team-swiss"]
[EventRounds "11"]
[EventCountry "ENG"]
[SourceTitle "EXT 2016"]
[Source "ChessBase"]
[SourceDate "2015.10.08"]
[SourceVersion "1"]
[SourceVersionDate "2015.10.08"]
[SourceQuality "1"]
[WhiteTeam "Manchester Manticores III"]
[BlackTeam "Ashfield Breadsall"]
[WhiteTeamCountry "ENG"]
[BlackTeamCountry "ENG"]

1. d4 Nf6 2. Nf3 d5 3. e3 c5 4. c3 cxd4 5. exd4 e6 6. Bd3 Bd6 7. Nbd2 Nbd7 8. 0-0 Qc7 9. Re1 b6 10. Nf1 Bb7 11. a4 a5 12. Ng3 0-0-0 13. Qe2 h6 14. c4 Kb8 15. Bd2 Rc8 16. Rac1 dxc4 17. Rxc4 Qd8 18. Rxc8+ Qxc8 19. Rc1 Bc7 20. Bf4 Nd5 21. Bxc7+ Nxc7 22. Ne4 Qf8 23. Ne5 Nxe5 24. dxe5 Qe7 25. Nd6 Nd5 26. Nxb7 Kxb7 27. Ba6+ Ka7 28. Bb5 Rd8 29. Bc4 Rc8 30. b3 Nb4 31. Rd1 Rd8 32. Kf1 Nd5 33. g3 Nc3 0-1